| 000 | 00525nam a2200169 4500 | ||
|---|---|---|---|
| 001 | 116858 | ||
| 003 | ES-MaACL | ||
| 005 | 20230906190800.0 | ||
| 007 | t| | ||
| 008 | 061121s1968 sp r ||||1| spa d | ||
| 100 | 1 |
_aPendás Díaz, Benigno. _990156 |
|
| 245 | 1 | 3 |
_aEl regimen jurídico del seguro escolar / _cBenigno Pendás Díaz. |
| 260 |
_aSantander : _bSeminario de Estudios Sociales, _c1968. |
||
| 300 |
_a95 p. ; _c24 cm. |
||
| 710 | 2 |
_aSeminario de Estudios Sociales. _96552 |
|
| 852 |
_aES-MaACL _jC-45575 _bR.66953 |
||
| 999 |
_c116858 _d116858 |
||